Collected works of Ungku Omar
| Format: | Book |
|---|---|
| Published: |
Kuala Lumpur :
Penerbit UM ,
1980
|
| Subjects: |
MARC
| LEADER | 00000cam a2200000 7i4500 | ||
|---|---|---|---|
| 001 | 0000002823 | ||
| 002 | 000003054 | ||
| 005 | 20080225.0 | ||
| 020 | |a T000000278 | ||
| 090 | 0 | 0 | |a 610 |b COL |
| 245 | 0 | 0 | |a Collected works of Ungku Omar |c University of Malaya Press |
| 260 | |a Kuala Lumpur : |b Penerbit UM , |c 1980 | ||
| 300 | |a 216p. ; |c 24cm. | ||
| 600 | 0 | 0 | |a Ungku Omar |x Collected work |
| 650 | 0 | 0 | |a Medical scientists |x collected work |z Malaysia |
| 999 | |a 036427 |b BUKU |c MALAYSIANA |e PERPUSTAKAAN KOMUNITI PETALING JAYA | ||